[Event "Biel GM"]
[Site "Biel"]
[Date "2006.08.01"]
[Round "8"]
[White "Carlsen, Magnus"]
[Black "Radjabov, Teimour"]
[Result "1/2-1/2"]
[WhiteElo "2675"]
[BlackElo "2728"]
[Annotator "Mikhalevski,V"]
[PlyCount "59"]
[EventDate "2006.07.24"]
[EventType "tourn"]
[EventRounds "10"]
[EventCountry "SUI"]
[EventCategory "17"]
[SourceTitle "CBM 114"]
[Source "ChessBase"]
[SourceDate "2006.10.02"]
[SourceVersion "1"]
[SourceVersionDate "2006.10.02"]
[SourceQuality "1"]

1. d4 Nf6 2. c4 g6 3. Nc3 Bg7 4. e4 d6 5. Nf3 O-O 6. Be2 e5 7. O-O Nc6 8. d5
Ne7 9. Kh1 {Earlier in the tournament Carlsen introduced a new idea in the
side line with 9.a4 against Morozevich, this time he comes with an even more
rare continuation, which was a speciality of Miles.} Nd7 {[%cal Gd7c5,Gf7f5]
Black prepares f5 and brings the knight to c5. What else can be more typical
for the KID?} (9... Kh8) 10. g4 $5 Kh8 {Black frees the g8-square for the
knight and moves the king away from the g-file and thus prepares f5.} (10...
Nc5 {usually leads to transposition after} 11. Rg1 a5 12. Be3 Kh8) 11. Rg1 {
White also prepares himself for opening of the g-file.} a5 {Securing the
outpost of the knight on c5.} 12. Be3 Nc5 ({Black also tested} 12... b6 $6 {
preparing Nc5.} 13. Qd2 (13. a3 $1 {with the idea to meet} Nc5 {by means of}
14. b4 {would be the most logical refutation of Black's slow play.}) 13... Nc5
14. Rg3 Bd7 15. Rag1 $14 {1-0 Lafuente,P-Fiorito,F/Mar del Plata 2001/CBM 081
ext (28)}) (12... Ng8 13. Qd2 Nc5 14. Ne1 f5 15. f3 fxg4 16. fxg4 $14 b6 $2 17.
g5 $16 {1-0 Miles,A-Becerra Rivera,J, Capablanca mem 34th 1999/ CBM71 [Huzman].
}) 13. Rc1 {This turns out to be a novelty. Frankly speaking it's not easy to
understand the idea behind this move. Probably White decided to keep all his
plans open and made a useful move, taking his rook away from the a1-h8
diagonal.} ({Earlier White tested} 13. Qd2 Ng8 14. Rg3 b6 15. Rag1 {As you can
see doubling of rooks along the g-file is a typical idea in this line, which
is aimed against f5.} Nf6 16. Qc2 Bd7 17. Nd2 (17. Ne1 $5 {[%cal Ge1d3]
Heading to d3.}) 17... c6 18. f3 (18. dxc6 $5 Bxc6 19. Rh3 $14) 18... Qc8 19.
Qd1 Qb7 20. Qf1 Rab8 21. Qf2 Kg8 22. Rh3 Rfe8 23. Qh4 h5 24. dxc6 Qxc6 25. Nd5
$1 $16 {Tosic,M-Kolev,A/Vrnjacka Banja 1990. with a clear edge for White.}) (
13. Ne1 f5 14. f3 fxe4 15. fxe4 c6 16. Nd3 cxd5 17. cxd5 b6 18. Nxc5 bxc5 19.
Qd2 Rb8 20. Raf1 Bd7 21. Rxf8+ Qxf8 22. Rf1 Qc8 23. h3 $16 {Miles,A-Gheorghiu,
F/Crans Montana 2001. and all Black's minor pieces are out of play.} (23. g5 $5
$16)) (13. a3 {[%cal Gb2b4] preparing b4 deserved serious attention. Now Black
has either play} f5 {immediately.} ({or} 13... a4 {sacrificing a pawn and only
after} 14. Bxc5 dxc5 15. Nxa4 b6 {[%cal Gf7f5] preparing f5.}) 14. gxf5 gxf5
15. Bxc5 dxc5 16. Bd3 $14 {with a slightly better position for White.}) 13...
Bd7 14. b3 {White is ready to meet a4 with b4. The plan with a3 and b4 is not
very dangerous for Black right now as a3 will be always met by means of a4 b4
Nb3.} Ng8 15. Nd2 {[%csl Ye4][%cal Ga2a3,Gb3b4,Gd2e4] Getting ready for f5 and
at the same time covering the b3-square and thus preparing a3 and b4.} (15. a3
a4 16. b4 Nb3 17. Rb1 {would have been a double-edged idea as the knight is
close to the d4-square and Black may always try to open the position by means
of f5.}) 15... f6 $1 {[%cal Gg7h6] Black prepares the exchange of the
dark-squared bishops by means of Bh6 and so the text is made in order to
prevent g5.} 16. h4 f5 {[%csl Rh4] The waste of a tempo is not essential as h4
weakened the king.} ({Now} 16... Bh6 {can be met by means of} 17. g5) 17. g5 {
White has to close the position this way since the h4-pawn was hanging.} Nxe4
$5 {Otherwise White plays f3 and stabilizes the position in the centre.} 18.
Ndxe4 fxe4 19. Nxe4 Ne7 {[%csl Re3,Rh4][%cal Ge7f5] The knight comes to f5.}
20. Bg4 {This move connected with the following exchange is a risky idea.
Probably all of this was caused by White's somewhat bit careless play in the
early stages of the game.} (20. h5 $5 Nf5 21. Bd3 {deserved attention.}) 20...
Nf5 21. Bxf5 Bxf5 {This allows White to consolidate the position.} (21... gxf5
$5 {looks like an interesting attempt to play for a win.} 22. Qh5 $1 (22. Nc3
f4 23. Bd2 f3 $1 24. Rg3 h5 $1 25. Rxf3 (25. gxh6 $2 Qxh4+ 26. Kg1 Bxh6 $19)
25... Bg4 26. Rxf8+ Qxf8 $36 {with a strong initiative.}) (22. Nf6 $2 f4 $1 23.
Bd2 Bxf6 24. gxf6 Qxf6 $19) 22... f4 $1 (22... fxe4 $4 23. g6 $18) (22... Be8
23. g6 Bxg6 24. Rxg6 fxe4 25. Rg2 (25. Rcg1 Qe8 $1) (25. Rg3 Rf3 $1) 25... Qf6
26. Rcg1 Rf7 27. Rg3 $1 {with the idea of Qg4 looks good for White.}) 23. Bd2
Bf5 24. Qf3 (24. Rce1 $5 Bg6 25. Qf3 Qe8) 24... Qe8 {[%cal Gf5g6,Ga5a4,Gb7b5]
with a complicated position in which Black looks at least not worse.}) 22. f3
Qd7 23. Rg3 $1 {[%csl Rh3] Covering the h3-square.} Rf7 (23... Bxe4 24. fxe4
Rf4 {is hardly a good idea to play for a win.} 25. Bxf4 exf4 26. Qg4 Qe7 27.
Rf3 Be5 28. Rcf1 $16 {and then Rh3 with h5 to follow.}) 24. Kg2 b6 25. Qe2 Raf8
26. Rh1 Kg8 27. a3 Rb8 {[%cal Gb6b5] Preparing b5. So} 28. a4 Rbf8 29. Qd1 Rb8
30. Qd3 {Neither side can make progress and so a draw was agreed. An
interesting game, which however leaves many questions open. Hopefully we'll
see more games on the subject.} 1/2-1/2

[Event "Biel GM"]
[Site "Biel"]
[Date "2006.08.02"]
[Round "9"]
[White "Bruzon Batista, Lazaro"]
[Black "Radjabov, Teimour"]
[Result "1/2-1/2"]
[WhiteElo "2667"]
[BlackElo "2728"]
[PlyCount "31"]
[EventDate "2006.07.24"]
[EventType "tourn"]
[EventRounds "10"]
[EventCountry "SUI"]
[EventCategory "17"]
[SourceTitle "CBM 114"]
[Source "ChessBase"]
[SourceDate "2006.10.02"]
[SourceVersion "1"]
[SourceVersionDate "2006.10.02"]
[SourceQuality "1"]

1. c4 g6 2. g3 Bg7 3. Bg2 d6 4. Nc3 e5 5. d3 Nc6 6. e4 Nge7 7. Nge2 O-O 8. O-O
Nd4 9. Nxd4 exd4 10. Nd5 Nxd5 11. cxd5 c5 12. dxc6 bxc6 13. Qc2 c5 14. Bd2 Ba6
15. b3 Qd7 16. f4 1/2-1/2

[Event "Wch Blitz 1st"]
[Site "Rishon Le Ziyyon"]
[Date "2006.09.07"]
[Round "1"]
[White "Radjabov, Teimour"]
[Black "Livshits, Gaby"]
[Result "1-0"]
[WhiteElo "2728"]
[BlackElo "2406"]
[PlyCount "89"]
[EventDate "2006.09.07"]
[EventType "tourn (blitz)"]
[EventRounds "15"]
[EventCountry "ISR"]
[EventCategory "16"]
[SourceTitle "CBM 114 Extra"]
[Source "ChessBase"]
[SourceDate "2006.11.03"]
[SourceVersion "1"]
[SourceVersionDate "2006.11.03"]
[SourceQuality "1"]

1. d4 Nf6 2. c4 g6 3. Nc3 d5 4. Bg5 Ne4 5. Bh4 Nxc3 6. bxc3 Bg7 7. e3 c5 8. Nf3
Bg4 9. cxd5 cxd4 10. cxd4 Bxf3 11. gxf3 Qxd5 12. Rb1 O-O 13. Qb3 Qxf3 14. Rg1
Nc6 15. Be2 Qe4 16. Bg3 Rac8 17. Bd3 Qf3 18. Qd1 Qd5 19. Qb3 Qf3 20. Be2 Qf5
21. Rd1 b6 22. h4 h5 23. Qb5 Qc2 24. a4 Rfd8 25. Bd3 Qc3+ 26. Kf1 Nb4 27. Be4
Qb3 28. Kg2 Qe6 29. Bf3 Nd5 30. Rc1 Nf6 31. Qa6 Rxc1 32. Rxc1 Ne4 33. Bc7 Rd7
34. Qxa7 Nd2 35. Qxb6 Qa2 36. Bc6 Rd5 37. Bg3 Rf5 38. a5 Nc4 39. Qd8+ Kh7 40.
Qxe7 Nxa5 41. Be4 Rf6 42. Rc8 Re6 43. Qxf7 Qb3 44. Qg8+ Kh6 45. Bf4+ 1-0

[Event "Wch Blitz 1st"]
[Site "Rishon Le Ziyyon"]
[Date "2006.09.07"]
[Round "6"]
[White "Gelfand, Boris"]
[Black "Radjabov, Teimour"]
[Result "1-0"]
[WhiteElo "2729"]
[BlackElo "2728"]
[PlyCount "93"]
[EventDate "2006.09.07"]
[EventType "tourn (blitz)"]
[EventRounds "15"]
[EventCountry "ISR"]
[EventCategory "16"]
[SourceTitle "CBM 114 Extra"]
[Source "ChessBase"]
[SourceDate "2006.11.03"]
[SourceVersion "1"]
[SourceVersionDate "2006.11.03"]
[SourceQuality "1"]

1. Nf3 Nf6 2. g3 g6 3. b3 Bg7 4. Bb2 d6 5. d4 O-O 6. Bg2 e5 7. dxe5 dxe5 8.
Qxd8 Rxd8 9. Nxe5 Ng4 10. Nd3 Bxb2 11. Nxb2 Nc6 12. Bxc6 bxc6 13. Nc3 c5 14.
Nd3 c4 15. bxc4 Be6 16. c5 Rab8 17. O-O Nf6 18. Rab1 Nd5 19. Nxd5 Bxd5 20. a3
a5 21. f3 Kf8 22. Kf2 Ke7 23. Ke3 Ba2 24. Rxb8 Rxb8 25. Kd4 Be6 26. Nf4 Rb2 27.
Kc3 Rb5 28. Nd3 Rb8 29. e4 f6 30. Rd1 g5 31. f4 h6 32. f5 Bf7 33. e5 fxe5 34.
Nxe5 Be8 35. Re1 Kf6 36. Ng4+ Kxf5 37. Nxh6+ Kg6 38. Re6+ Kg7 39. Nf5+ Kf7 40.
Ra6 Bd7 41. Nd4 Rh8 42. Ra7 Rxh2 43. Rxc7 Ke8 44. c6 Bg4 45. Rg7 Rg2 46. Rxg5
Rxg3+ 47. Kb2 1-0

[Event "Wch Blitz 1st"]
[Site "Rishon Le Ziyyon"]
[Date "2006.09.07"]
[Round "7"]
[White "Radjabov, Teimour"]
[Black "Gurevich, Dmitry"]
[Result "1-0"]
[WhiteElo "2728"]
[BlackElo "2507"]
[PlyCount "49"]
[EventDate "2006.09.07"]
[EventType "tourn (blitz)"]
[EventRounds "15"]
[EventCountry "ISR"]
[EventCategory "16"]
[SourceTitle "CBM 114 Extra"]
[Source "ChessBase"]
[SourceDate "2006.11.03"]
[SourceVersion "1"]
[SourceVersionDate "2006.11.03"]
[SourceQuality "1"]

1. d4 Nf6 2. c4 a6 3. Nc3 c5 4. e3 e6 5. Nf3 d5 6. cxd5 exd5 7. Be2 c4 8. O-O
b5 9. Ne5 Bb7 10. b3 b4 11. Na4 c3 12. a3 Nbd7 13. axb4 Bxb4 14. Nd3 a5 15. Ba3
Qe7 16. Nac5 Nxc5 17. Nxb4 axb4 18. Bxb4 Rc8 19. Bxc5 Rxc5 20. dxc5 Qxc5 21.
Qd4 Qxd4 22. exd4 O-O 23. Rfc1 Rc8 24. Ra7 Ba8 25. Rxc3 1-0

[Event "Wch Blitz 1st"]
[Site "Rishon Le Ziyyon"]
[Date "2006.09.07"]
[Round "11"]
[White "Radjabov, Teimour"]
[Black "Gagunashvili, Merab"]
[Result "1-0"]
[WhiteElo "2728"]
[BlackElo "2591"]
[PlyCount "87"]
[EventDate "2006.09.07"]
[EventType "tourn (blitz)"]
[EventRounds "15"]
[EventCountry "ISR"]
[EventCategory "16"]
[SourceTitle "CBM 114 Extra"]
[Source "ChessBase"]
[SourceDate "2006.11.03"]
[SourceVersion "1"]
[SourceVersionDate "2006.11.03"]
[SourceQuality "1"]

1. d4 d5 2. c4 c6 3. Nc3 Nf6 4. e3 g6 5. Nf3 Bg7 6. Be2 O-O 7. O-O dxc4 8. Bxc4
Bg4 9. h3 Bxf3 10. Qxf3 Nbd7 11. e4 e5 12. d5 Rc8 13. dxc6 Rxc6 14. Bb5 Rd6 15.
Be3 a6 16. Bc4 Qc7 17. Bb3 Nc5 18. Nd5 Nxd5 19. Bxd5 Ne6 20. Rac1 Qd7 21. Bd2
Nd4 22. Qd3 Rb6 23. b3 Rc8 24. Rxc8+ Qxc8 25. Rc1 Qe8 26. Rc7 Ne6 27. Rxb7 Rxb7
28. Bxb7 Nc5 29. Qd5 Nxb7 30. Qxb7 Qd8 31. Be3 a5 32. Kh2 h5 33. a3 Bf8 34. b4
a4 35. Qa6 Qd1 36. Qa5 Kh7 37. Qc7 Kg8 38. Qc8 Kg7 39. Bh6+ Kxh6 40. Qxf8+ Kg5
41. Qxf7 Qb3 42. h4+ Kxh4 43. Qf6+ g5 44. Qf5 1-0

[Event "EU-Cup 22nd"]
[Site "Fuegen"]
[Date "2006.10.10"]
[Round "3.1"]
[White "Movsesian, Sergei"]
[Black "Radjabov, Teimour"]
[Result "1/2-1/2"]
[WhiteElo "2637"]
[BlackElo "2729"]
[PlyCount "29"]
[EventDate "2006.10.08"]
[EventType "team-swiss"]
[EventRounds "7"]
[EventCountry "AUT"]
[SourceTitle "CBM 115"]
[Source "ChessBase"]
[SourceDate "2006.11.15"]
[SourceVersion "1"]
[SourceVersionDate "2006.11.15"]
[SourceQuality "1"]
[WhiteTeam "Pardubice"]
[BlackTeam "Kazan Ladya"]
[WhiteTeamCountry "CZE"]
[BlackTeamCountry "RUS"]

1. e4 c5 2. Nf3 Nc6 3. Nc3 e5 4. Bc4 Be7 5. d3 d6 6. Nd2 Bg5 7. h4 Bh6 8. Qh5
Qd7 9. Nd5 Rb8 10. a4 Qd8 11. Nf1 Bxc1 12. Rxc1 Nge7 13. Nxe7 Qxe7 14. Ne3 O-O
15. Qg5 1/2-1/2

[Event "EU-Cup 22nd"]
[Site "Fuegen"]
[Date "2006.10.13"]
[Round "6.1"]
[White "Radjabov, Teimour"]
[Black "Svidler, Peter"]
[Result "1/2-1/2"]
[WhiteElo "2729"]
[BlackElo "2750"]
[Annotator "Kritz,L"]
[PlyCount "51"]
[EventDate "2006.10.08"]
[EventType "team-swiss"]
[EventRounds "7"]
[EventCountry "AUT"]
[SourceTitle "CBM 115"]
[Source "ChessBase"]
[SourceDate "2006.11.15"]
[SourceVersion "1"]
[SourceVersionDate "2006.11.15"]
[SourceQuality "1"]
[WhiteTeam "Kazan Ladya"]
[BlackTeam "Ural Sverdlovskaya"]
[WhiteTeamCountry "RUS"]
[BlackTeamCountry "RUS"]

1. e4 c5 2. Nf3 e6 3. d4 cxd4 4. Nxd4 Nc6 5. Nc3 a6 {Eine sehr moderne
Fortsetzung, die gegen die Varianten Antipaulsen mit der langen Rochade
gerichtet sind. Klassischen Fortsetzungen sind ebenfalls} (5... Qc7 6. Be3 a6
7. Qd2 Nf6 8. O-O-O Bb4 9. f3 $132 {wonach es eine unendliche Menge an Theorie
gibt}) (5... Nf6 6. Ndb5 (6. Nxc6 bxc6 7. e5 Nd5 8. Ne4 $132 {ist auch sehr
populär}) 6... d6 7. Bf4 e5 8. Bg5 a6 9. Na3 {führt in die Hauptvarianten der
Sveshnikov-Variante über}) 6. Be3 (6. Nxc6 {gilt als Hauptzug, wonach Weiß
einen kleinen Vorteil erreicht, Schwarz aber trotzdem sehr solide Stellung
beibehält} bxc6 7. Bd3 d5 8. O-O Nf6 9. Re1 $14) 6... Nf6 7. f4 (7. Qd2 {
würde man in die gewünschten und modernen Varianten mit 0-0-0 einwilligen
wollen, so erwartet Weiß eine böse Überaschung} Bb4 8. f3 (8. Bd3 $2 d5 $15)
8... d5 9. a3 Qa5 $1 $36 {und Schwarz ergreift die Initiative}) (7. Bd3 {
führt zu der alten klassischen Aufbau, wonach mir persönlich die Variante} Qc7
8. O-O Nxd4 9. Bxd4 Bc5 $1 {für Schwarz gut gefällt} 10. Bxc5 (10. Bxf6 $6 gxf6
11. Qg4 Qe5 $1 12. Qg7 Rf8 13. Qxh7 f5 $1 14. Qh4 (14. exf5 Rh8 $17) 14... Rh8
15. Qg3 f4 16. Qf3 d6 $44) (10. Be2 Qd6 $1 (10... Bxd4 11. Qxd4 d6 12. Rad1 Ke7
13. f4 $16) 11. Bxc5 (11. Bxf6 $2 Qxd1 12. Raxd1 gxf6 $15) 11... Qxc5 12. Qd3
O-O 13. Rad1 b5 $132) 10... Qxc5 11. Na4 (11. Kh1 d6 12. f4 e5 13. fxe5 (13. f5
b5 $132) 13... Qxe5 14. Qf3 Be6 $11 {Schwarze Stellung ist nicht durchzubrechen
}) 11... Qc7 12. c4 d6 13. Nc3 Bd7 14. Kh1 O-O 15. f4 Bc6 $11 {Der
Raumnachteil ist kaum zu spüren aus der Sicht von Schwarz, da schon doch
einige Figuren getauscht worden sind.}) 7... Bb4 {Natürlich muss man kontern,
sonst kommt man in Nachteil} (7... d6 $2 8. Qd2 Be7 9. O-O-O O-O 10. Be2 $14) (
7... Qb6 8. a3 $1 (8. Qd2 $5 Qxb2 9. Rb1 Qa3 10. e5 Ng4 11. Rb3 Qe7 (11... Qa5
12. Nxc6 bxc6 13. Bb6 $18) 12. Nxc6 dxc6 13. Ne4 Qd7 14. Rd3 Qc7 15. Bd4 $44)
8... d5 (8... Qxb2 9. Na4 $18) (8... Bc5 9. Na4 Qa5+ 10. c3 Bxd4 11. Bxd4 Nxd4
12. Qxd4 $16) 9. exd5 (9. e5 Bc5 10. Na4 Qa5+ 11. c3 Bxd4 12. Bxd4 Nxd4 13.
Qxd4 Nd7 $13) 9... exd5 10. Be2 Bc5 11. Na4 Qa5+ 12. c3 Bxd4 13. Bxd4 Nxd4 14.
Qxd4 Qc7 (14... O-O 15. Nb6 Rb8 16. b4 $18) 15. Nb6 Rb8 16. g4 $1 $16) 8. Bd3
d6 (8... Qb6 {ist ein interessanter Zug} 9. O-O Bc5 10. Na4 Bxd4 11. Nxb6 Bxe3+
12. Kh1 Bxb6 $13 {und die Stellung ist völlig unklar, Khalifman - Rublevsky 
(Superfinal Russia, 2005)}) 9. Nxc6 bxc6 10. O-O e5 $1 (10... c5 $2 {führt zu
einer sehr chancenreicher Stellung für Weiß} 11. e5 Bxc3 12. bxc3 Nd5 13. Bf2
Bb7 (13... Nxc3 14. Qe1 Nd5 15. Be4 dxe5 16. Rd1 $1 Qc7 17. c4 f5 18. cxd5 fxe4
19. d6 Qd7 20. fxe5 $16) 14. Qg4 $36 {Radjabov - Lutz (Göteborg, 2005)}) 11. h3
(11. fxe5 Ng4 $1 12. Qf3 Nxe5 13. Qg3 Bxc3 $5 14. bxc3 (14. Qxg7 $4 Nf3+ 15.
Rxf3 Bxg7 $19) 14... O-O $132) 11... O-O 12. Qf3 (12. f5 $6 d5 13. Na4 dxe4 (
13... Nxe4 14. a3 Be7 15. Bxe4 dxe4 16. Qg4 $44) 14. Bc4 Rb8 $1 $17) (12. fxe5
dxe5 13. Qe1 Be6 $11) 12... exf4 13. Bxf4 Nd7 $11 {Nachdem Schwarz den
Springer auf e5 positioniert, wird seine Stellung sehr solide sein.
Normalerweise hat Weiß nicht viele Chancen, um sie zu knacken, diese Partie
ist eine der vielen Bestätigungen dafür.} 14. Bc4 Qe7 15. Qg3 Kh8 16. Bb3 Ne5
17. Rad1 f6 18. Kh1 Rb8 19. Ne2 Bd7 20. c3 Bc5 21. Bc1 Be6 22. Bxe6 Qxe6 23. b3
a5 24. Rfe1 a4 25. Nd4 Qf7 26. Be3 1/2-1/2

[Event "EU-Cup 22nd"]
[Site "Fuegen"]
[Date "2006.10.14"]
[Round "7.1"]
[White "Nisipeanu, Liviu Dieter"]
[Black "Radjabov, Teimour"]
[Result "1/2-1/2"]
[WhiteElo "2690"]
[BlackElo "2729"]
[PlyCount "39"]
[EventDate "2006.10.08"]
[EventType "team-swiss"]
[EventRounds "7"]
[EventCountry "AUT"]
[SourceTitle "CBM 115"]
[Source "ChessBase"]
[SourceDate "2006.11.15"]
[SourceVersion "1"]
[SourceVersionDate "2006.11.15"]
[SourceQuality "1"]
[WhiteTeam "Clichy Echecs 92"]
[BlackTeam "Kazan Ladya"]
[WhiteTeamCountry "FRA"]
[BlackTeamCountry "RUS"]

1. e4 c5 2. Nf3 Nc6 3. d4 cxd4 4. Nxd4 Nf6 5. Nc3 e5 6. Ndb5 d6 7. Bg5 a6 8.
Na3 b5 9. Nd5 Be7 10. Bxf6 Bxf6 11. c3 Bg5 12. Nc2 O-O 13. a4 bxa4 14. Nce3
Bxe3 15. Nxe3 Rb8 16. Qxa4 Ne7 17. Rd1 Rxb2 18. Bxa6 Qc7 19. O-O Qxc3 20. Rxd6
1/2-1/2

[Event "Cap d'Agde-A"]
[Site "Cap d'Agde"]
[Date "2006.10.27"]
[Round "3"]
[White "Karjakin, Sergey"]
[Black "Radjabov, Teimour"]
[Result "1-0"]
[WhiteElo "2672"]
[BlackElo "2729"]
[PlyCount "89"]
[EventDate "2006.10.27"]
[EventType "tourn (rapid)"]
[EventRounds "7"]
[EventCountry "FRA"]
[EventCategory "14"]
[SourceTitle "CBM 115"]
[Source "ChessBase"]
[SourceDate "2006.11.15"]
[SourceVersion "1"]
[SourceVersionDate "2006.11.15"]
[SourceQuality "1"]

1. e4 e5 2. Nf3 Nc6 3. Bb5 a6 4. Ba4 Nf6 5. O-O b5 6. Bb3 Bc5 7. c3 d6 8. a4
Rb8 9. d4 Bb6 10. axb5 axb5 11. Na3 O-O 12. Nxb5 Bg4 13. d5 Ne7 14. Bc2 Qd7 15.
c4 Ng6 16. h3 Bxh3 17. gxh3 Qxh3 18. Ng5 Qg3+ 19. Kh1 Qh4+ 20. Kg2 h6 21. Nh3
Nxe4 22. Qe2 f5 23. Ra3 Rf6 24. Rh1 Rbf8 25. b4 Ne7 26. Rf3 Rg6+ 27. Kf1 Rg4
28. Rg1 Rf6 29. Be3 Rfg6 30. Rh1 Bxe3 31. Rxe3 Ng5 32. Ke1 f4 33. Ra3 Rf6 34.
Ra8+ Kf7 35. Nxg5+ Qxg5 36. Nxc7 f3 37. Ne6 Qc1+ 38. Qd1 Qxd1+ 39. Kxd1 Rxe6
40. dxe6+ Kxe6 41. b5 Rd4+ 42. Ke1 d5 43. b6 Rxc4 44. b7 Nc6 45. Ra6 1-0

[Event "Cap d'Agde-A"]
[Site "Cap d'Agde"]
[Date "2006.10.28"]
[Round "5"]
[White "Fressinet, Laurent"]
[Black "Radjabov, Teimour"]
[Result "0-1"]
[WhiteElo "2640"]
[BlackElo "2729"]
[Annotator "Radjabov,T"]
[PlyCount "92"]
[EventDate "2006.10.27"]
[EventType "tourn (rapid)"]
[EventRounds "7"]
[EventCountry "FRA"]
[EventCategory "14"]
[SourceTitle "CBM 115"]
[Source "ChessBase"]
[SourceDate "2006.11.15"]
[SourceVersion "1"]
[SourceVersionDate "2006.11.15"]
[SourceQuality "1"]

1. e4 c5 2. Nf3 Nc6 3. Bb5 e6 4. O-O Nge7 5. Re1 a6 6. Bf1 d5 7. exd5 Nxd5 8.
d4 Nf6 9. Be3 Be7 10. c4 {All is theory by now so nothing special to comment
on. Alles Theorie bis jetzt, also nichts Besonderes zu kommentieren.} O-O 11.
Nc3 cxd4 12. Nxd4 Bd7 {The position is about equal here with dynamic play in
the middlegame.  Die Stellung ist hier etwa ausgeglichen, mit dynamischen
Kampf im Mittelspiel.} 13. Qe2 Qc7 $5 14. Rad1 Rad8 (14... Nxd4 $5 {[%cal
Gd7c6]}) 15. h3 Rfe8 (15... Nxd4 $5 16. Bxd4 Bc6 $13) 16. Nb3 h6 $5 {I wanted
to fight for a win so this move is quite interesting with the idea to push e5
at some point not fearing any Bg5. Ich wollte um den Sieg kämpfen, daher ist
dieser Zug recht interessant mit der Idee, irgendwann e5 durchzudrücken, ohne
Bg5 befürchten zu müssen.} 17. Rd2 (17. Na4 Nd4 $13) 17... Bc8 $5 18. Rxd8 Rxd8
19. Rd1 Re8 $5 ({Im Ausgleichssinne war} 19... Rxd1 $5 {in order to maintain
the balance was possible. möglich} 20. Qxd1 Nd7 $5 $13 (20... Bd6 $13)) 20. Na4
(20. g3 $5 Bb4 $15 {[%cal Gb4c3,Ge6e5,Ge5e4]}) 20... e5 21. Nc3 {Going back to
d5 which looks quite normal here. Will nach d5 zurück, was hier ganz normal
aussieht.} (21. Bb6 Qb8 $13) (21. Nb6 e4 $5 (21... Nd4 22. Nxd4 exd4 23. Bxd4
Bc5 24. Nd5 $16)) 21... e4 $1 {Starting counterplay in the centre. Leitet
Gegenspiel im Zentrum ein.} 22. Nd5 Nxd5 23. cxd5 Ne5 24. Bf4 (24. Qd2 Bd6 $40
{[%csl Rh3][%cal Gf7f5,Gf5f4,Gc7e7]}) (24. Rc1 Qd8 $5 $36) 24... f5 $1 25. Qh5
Rf8 26. Nd4 (26. Na5 $5 Bd6 27. Bxe5 Bxe5 28. Nc4 Bd6 $13 (28... Bf6 $5 $13)) (
26. Rc1 $2 Nf3+ $1 27. Qxf3 Qxc1 28. Qg3 Qd1 29. Bxh6 Bf6 $17) 26... Qd6 $1 {
A very strong move after which I think Black gets a better position. Ein sehr
starker Zug, nach dem meines Erachtens Schwarz die bessere Stellung bekommt.}
27. Kh1 $6 (27. Bc4 $5 {which was a better try here in my opinion. , was für
meine Begriffe hier ein besserer Versuch war.} Bg5 $1 $15) 27... Kh7 $1 {
Another strong move! Noch ein starker Zug!} 28. Bc4 (28. Qe2) (28. Ne6 Bxe6 29.
dxe6 Qxe6 $17) (28. Rc1 Bd7 $17) 28... Bg5 $1 $17 29. Bxe5 (29. Bh2 f4 $1 (
29... Qb4 $5 30. Bxe5 Qxc4 31. f4 $1 Bf6 32. Bxf6 Rxf6 33. Qe8 Rd6 $17) 30. Ne6
Bxe6 31. dxe6 Nd3 32. Bxd3 exd3 33. Qf3 d2 $17) (29. Bxg5 Nxc4 30. Bc1 Qxd5 $17
) 29... Qxe5 30. Ne6 (30. Qe2 Bf6 $17) 30... Bxe6 31. dxe6 Qxb2 $1 32. Kg1 Be7
$5 (32... Qc3 33. Bb3 $17) 33. Qe2 Qxe2 $1 34. Bxe2 Rd8 {And now I guess Black
is easily winning, my technique was perfect at this stage. Und jetzt gewinnt
Schwarz m.E. leicht; meine Technik war perfekt in dieser Phase.} 35. Rd7 Rxd7
36. exd7 Kg6 37. g4 b5 $1 38. Kf1 f4 $1 39. Ke1 Kf6 40. Kd2 Bb4+ $1 41. Kc1 Ke7
42. a4 bxa4 43. Bxa6 Bc5 44. Bb5 a3 45. f3 exf3 46. Kb1 f2 {Followed by f2-f1
finishes the game. nebst f2-f1, und die Partie ist gelaufen.} 0-1